00610 2200241 4500001002100000005001700021008004100038035002400079082000800103090001500111100001800126245006000144250001100204260002600215300001900241650002400260700001800284850001500302980001500317985000600332999001500338999001500353YOGYA-0209000006105120090227035859.0 ind  0010-020900000061051 a425 a425bSya T aSYAH, Jalinus aTata bahasa Inggris moderncDjalinus Sjah, Azimar Enong aCet. 1 aJakartabMiswarc1980 a402 hlmc18 cm aTata Bahasa Inggris aEnong, Azimar aYOPDYOG(B) a07-02-2008 a2 aP000016099 aP000020696